| 000 | 01623cam a22003371 4500 | ||
|---|---|---|---|
| 001 | gs 38000286 | ||
| 003 | DLC | ||
| 005 | 20260227111343.0 | ||
| 008 | 780502s1938 ksua 000 0 eng c | ||
| 010 | _ags 38000286 | ||
| 035 | _a(OCoLC)3854213 | ||
| 040 |
_aU. S. Geological Survey. Library _cTxEU _dDLC |
||
| 042 | _apremarc | ||
| 050 | 0 | 0 |
_aQE113 _b.A2 no. 24 |
| 082 | _a(267)K4b no. 24 | ||
| 100 | 1 |
_aPierce, William Gamewell, _d1904- |
|
| 245 | 1 | 0 |
_aGeology and coal resources of the southeastern Kansas coal field _bin Crawford, Cherokee and Labette counties, _cby W. G. Pierce and W. H. Courtier, with a report on Pennsylvanian invertebrate faunas of southeastern Kansas, by James Williams. |
| 260 |
_aLawrence, Kansas, _bState geological survey, _c1938. |
||
| 300 |
_a122 p. _bincl. illus., tables, diagrs, 3 fold. maps (2 in pocket) fold tab., 3 fold diagrs., _c23 cm. |
||
| 490 | 0 | _aKansas. University. Geological survey. Bulletin 24 | |
| 500 | _aAt head of title: State geological survey of Kansas. | ||
| 500 | _aInvestigation conducted by the United States Geological survey with funds provided for this purpose by the Public works administration. | ||
| 500 | _aPrinted by authority of the state of Kansas, July 15, 1937 (Issued September 1, 1938) | ||
| 504 | _aBibliographical foot-notes. | ||
| 650 | 0 |
_aGeology _zKansas. |
|
| 650 | 0 |
_aCoal mines and mining _zKansas. |
|
| 650 | 0 |
_aPaleontology _zKansas. |
|
| 700 | 1 |
_aCourtier, William Henry, _d1905- , _ejoint author. |
|
| 700 | 1 |
_aWilliams, James Steele, _d1896- . |
|
| 740 | 0 | 2 | _aPennsylvanian invertebrate faunas of southeastern Kansas. |
| 999 |
_c27495 _d27495 |
||